000
00211 a2200097 4500
001
15813
100
_a
Sardar Z
245
_a
Future of Muslim Civilization
260
_a
London
_b
Croom
_c
090
_c
12363
_d
12363
942
_a
NUST-CAE
_c
M
_c
2629
999
_c
250886
_d
250886